Fastest 100 Meter Runners - Statistics

General Stats
  • This quiz has been taken 67 times
  • The average score is 5 of 14
Answer Stats
Hint Answer % Correct
9.58 Usain Bolt
100%
9.69 Tyson Gay
72%
9.69 Yohan Blake
65%
9.74 Justin Gatlin
63%
9.72 Asafa Powell
60%
9.79 Maurice Greene
43%
9.76 Christian Coleman
33%
9.84 Donovan Bailey
30%
9.78 Nesta Carter
27%
9.82 Richard Thompson
20%
9.77 Trayvon Bromell
12%
9.85 Leroy Burrell
8%
9.84 Bruny Surin
7%
9.80 Steve Mullings
3%
No matching quizzes found
Score Distribution
Percent of People with Each Score
Percentile by Number Answered
Your Score History
You have not taken this quiz